The plays & poems of Robert Greene / (Record no. 22057)
[ view plain ]
| 000 -LEADER | |
|---|---|
| fixed length control field | 01391nam a2200313 a 4500 |
| 001 - CONTROL NUMBER | |
| control field | 22057 |
| 003 - CONTROL NUMBER IDENTIFIER | |
| rucl marc code | BD-RjUL |
| 005 - DATE AND TIME OF LATEST TRANSACTION | |
| control field | 20211209000748.0 |
| 008 - FIXED-LENGTH DATA ELEMENTS--GENERAL INFORMATION | |
| fixed length control field | 140306s1905 enkh 001 0 eng d |
| 035 ## - SYSTEM CONTROL NUMBER | |
| System control number | 06-14042 |
| System control number | (BD-RjUL)22122 |
| 040 ## - CATALOGING SOURCE | |
| Original cataloging agency | DLC |
| Transcribing agency | WOO |
| Modifying agency | SER |
| -- | EQO |
| -- | BD-RjUL |
| Language of cataloging | eng |
| 041 ## - LANGUAGE CODE | |
| Language code of text/sound track or separate title | eng |
| 082 ## - DEWEY DECIMAL CLASSIFICATION NUMBER | |
| Classification number | 822.3 |
| Author mark and year | GRP |
| 100 1# - MAIN ENTRY--PERSONAL NAME | |
| Personal name | Greene, Robert, |
| Dates associated with a name | 1558-1592. |
| 9 (RLIN) | 55658 |
| 245 14 - TITLE STATEMENT | |
| Title | The plays & poems of Robert Greene / |
| Statement of responsibility, etc. | edited with introductions and notes, by J. Churton Collins. |
| Number of part/section of a work | Volume I |
| 246 3# - VARYING FORM OF TITLE | |
| Title proper/short title | Plays and poems of Robert Greene |
| 260 ## - PUBLICATION, DISTRIBUTION, ETC. (IMPRINT) | |
| Place of publication, distribution, etc. | Oxford : |
| Name of publisher, distributor, etc. | Clarendon Press, |
| Date of publication, distribution, etc. | 1905. |
| 300 ## - PHYSICAL DESCRIPTION | |
| Pagination | xi, 319 p. : |
| Illustrations | front. (fold. facsims.) ; |
| Size | 23 cm. |
| 500 ## - GENERAL NOTE | |
| General note | With reproductions of the original title-pages. |
| 505 0# - FORMATTED CONTENTS NOTE | |
| Formatted contents note | v. 1. General introduction. Alphonsus. A looking glasse, Orlando Furioso. Appendix to Orlando furioso (the Alleyn ms.) Notes to plays.--v. 2. Frier Bacon and Frier Bongay. James the Fourth. The pinner of Wakefield. A maidens dreame. Poems from the novels. Notes to plays and poems. Appendix: England's Parnassus. Glossarial index. General index. |
| 650 #0 - SUBJECT ADDED ENTRY--TOPICAL TERM | |
| Topical term or geographic name as entry element | English drama |
| Chronological subdivision | Early modern and Elizabethan, 1500-1600. |
| 9 (RLIN) | 2066 |
| Topical term or geographic name as entry element | English poetry |
| Chronological subdivision | Early modern, 1500-1700. |
| 9 (RLIN) | 4392 |
| 700 1# - ADDED ENTRY--PERSONAL NAME | |
| Personal name | Collins, John Churton, |
| Dates associated with a name | 1848-1908. |
| 942 ## - ADDED ENTRY ELEMENTS (KOHA) | |
| Source of classification or shelving scheme | Dewey Decimal Classification |
| Koha item type | Books |
| Lost status | Source of classification or shelving scheme | Damaged status | Not for loan | Collection code | Permanent Location | Current Location | Shelving location | Date acquired | Source of acquisition | Cost, normal purchase price | Total Checkouts | Full call number | Date last seen | Copy number | Koha item type |
|---|---|---|---|---|---|---|---|---|---|---|---|---|---|---|---|
| Dewey Decimal Classification | Not For Loan | Non-fiction | Central Library, University of Rajshahi | Central Library, University of Rajshahi | Reading Room | 08/08/1955 | O.U.P. dhaka | 21.00 | 822.3 GRP V-1 1905 | 06/03/2014 | C-1 | Books | |||
| Dewey Decimal Classification | Non-fiction | Central Library, University of Rajshahi | Central Library, University of Rajshahi | 15/11/1957 | oxford university | 40.00 | 822.3 GRP V-1 1905 | 27/09/2020 | C-2 | Books | |||||
| Dewey Decimal Classification | Not For Loan | Non-fiction | Central Library, University of Rajshahi | Central Library, University of Rajshahi | Reading Room | 15/11/1957 | oxford university | 40.00 | 822.3 GRP V-2 1905 | 27/09/2020 | C-1 | Books | |||
| Dewey Decimal Classification | Non-fiction | Central Library, University of Rajshahi | Central Library, University of Rajshahi | 15/11/1957 | oxford university | 40.00 | 822.3 GRP V-2 1905 | 27/09/2020 | C-2 | Books |